Statistics for New Romantics lyrics

Click here to take the quiz!

General Stats

  • This quiz has been taken 332 times
  • The average score is 348 of 387

Answer Stats

Lyrics% Correct
a
100%
We
100%
we
100%
are
99%
I
99%
The
99%
the
99%
me,
98%
me
98%
We're
98%
we're
98%
all
97%
in
97%
is
97%
new
97%
of
97%
romantic
97%
baby,
96%
Baby,
96%
baby
96%
romantics
96%
to
96%
every
95%
free
95%
He
95%
it
95%
life
95%
so
95%
So,
95%
And
94%
and
94%
But
94%
but
94%
on
94%
on,
94%
people
94%
best
93%
day
93%
with
93%
castle
92%
come
92%
Come
92%
anthem,
91%
build
91%
could
91%
Heartbreak
91%
like
91%
national
91%
proudly
91%
sing
91%
too
91%
dancing,
90%
dancing
90%
dream
90%
night
90%
tired
90%
'Cause
89%
everything
89%
just
89%
off
89%
our
89%
they
89%
along
88%
at
88%
bored
88%
busy
88%
'cause
88%
'Cause
88%
get
88%
battle,
87%
feet
86%
my
86%
out
86%
honey,
85%
Honey,
85%
us
85%
bricks
84%
threw
84%
bathroom
83%
It's
83%
it's
83%
play
83%
young
83%
classroom
82%
mascara
82%
dumb,
81%
mine
81%
cry
80%
for
80%
know
80%
tears
80%
that
80%
better
78%
rumors
78%
show
78%
them
78%
true
78%
trust
78%
what
78%
coming
76%
letters,
76%
most
76%
aren't
75%
cruel
75%
doin'
75%
oh
75%
Oh,
75%
Oh
75%
road
75%
scarlet
75%
see
75%
wait
75%
exactly
74%
I'm
74%
terrible
74%
trains
74%
then
73%
different
72%
love,
72%
ruin
72%
take
72%
up,
72%
can't
71%
danger
71%
here
71%
please
71%
Please
71%
about
70%
hand
70%
knocked
70%
want
70%
Ace
69%
face,
68%
timing
67%
leave
66%
record
66%
changer
65%
lights
65%
need
64%
poker
64%
switch
64%
blinding
62%
team
62%
back,
60%
sides
60%
stranded,
60%
hang
56%
noise
43%

Score Distribution

Percentile by Number Answered

Percent of People with Each Score

Your Score History

You have not taken this quiz